Terrorism's knock-on effects (Record no. 74309)

MARC details
000 -LEADER
fixed length control field 01850cab a2200265 4500
001 - CONTROL NUMBER
control field ABS67667
008 - FIXED-LENGTH DATA ELEMENTS--GENERAL INFORMATION
fixed length control field 040329n2004 000 0 eng u
035 ## - SYSTEM CONTROL NUMBER
System control number (Sirsi) u125618
100 ## - MAIN ENTRY--PERSONAL NAME
Personal name Penfold, B.
245 ## - TITLE STATEMENT
Title Terrorism's knock-on effects
260 ## - PUBLICATION, DISTRIBUTION, ETC.
Date of publication, distribution, etc. 2004
490 ## - SERIES STATEMENT
Series statement Estates Gazette
Volume/sequential designation (0411) 13 March 2004, 136(1)
520 ## - SUMMARY, ETC.
Summary, etc. Discusses the definition of Material Change of Circumstances (MCC) after the Central London Valuation Tribunal's (LVT) decision of 8 December 2003 in respect of a number of appeals lodged by ratepayers in New Bond Street. The LVT concluded that the fall in tourist numbers visiting retail properties in New Bond Street because of the September 11 terrorist attacks represented a MCC. That the rental values of the properties immediately after September 11 were significantly affected. That nine out of the 19 assessments from September 11 to the end of 2001 were reduced, but determined that there was no MCC after 1 January 2002, anddismissed appeals in respect of the remaining 10 properties. The reductions have been appealed. Concludes that there is a dispute over the definition of MCC where the events giving rise to the appeal take place away from the locality of the appeal property and that ratepayers will be encouraged now to lodge appeals immediately after any MCC. The Valuation Office Agency is appealing to the LT against the decision. The appeal is due to be heard in Spring 2005.
590 ## - LOCAL NOTE (RLIN)
Local note ABS
650 ## - SUBJECT ADDED ENTRY--TOPICAL TERM
Topical term or geographic name entry element LOCAL GOVERNMENT FINANCE ACT 1988 SCHED 6 PARA 7
650 ## - SUBJECT ADDED ENTRY--TOPICAL TERM
Topical term or geographic name entry element RETAIL PROPERTY
650 ## - SUBJECT ADDED ENTRY--TOPICAL TERM
Topical term or geographic name entry element NEW BOND STREET
650 ## - SUBJECT ADDED ENTRY--TOPICAL TERM
Topical term or geographic name entry element TERRORISM
650 ## - SUBJECT ADDED ENTRY--TOPICAL TERM
Topical term or geographic name entry element MATERIAL CHANGE OF CIRCUMSTANCES
650 ## - SUBJECT ADDED ENTRY--TOPICAL TERM
Topical term or geographic name entry element H BARLOW AND SON LTD V WELLINGBOROUGH BC AND ANOTHER
650 ## - SUBJECT ADDED ENTRY--TOPICAL TERM
Topical term or geographic name entry element RATING APPEALS
650 ## - SUBJECT ADDED ENTRY--TOPICAL TERM
Topical term or geographic name entry element REDUCTION
690 ## - LOCAL SUBJECT ADDED ENTRY--TOPICAL TERM (OCLC, RLIN)
Topical term or geographic name as entry element RATING AND LOCAL TAXATION-CASE LAW
942 ## - ADDED ENTRY ELEMENTS (KOHA)
Suppress in OPAC 0
Holdings
Withdrawn status Lost status Source of classification or shelving scheme Damaged status Not for loan Home library Current library Shelving location Date acquired Total Checkouts Full call number Barcode Date last seen Copy number Price effective from Koha item type
    Dewey Decimal Classification     London London Journal article 29/03/2004   ABS67667 125618-1001 06/08/2019 1 06/08/2019 Journal article